| 000 | 00505nam a22001817a 4500 | ||
|---|---|---|---|
| 003 | CEME | ||
| 005 | 20210628204405.0 | ||
| 008 | 210127b xxu||||| |||| 00| 0 eng d | ||
| 020 | _a0-8031-1451-6 | ||
| 040 | _c. | ||
| 082 | _a697 AIR | ||
| 100 |
_aSherman, M.H _970154 |
||
| 245 | _aAir change rate and airtightness in buildings | ||
| 260 |
_aUSA _bASTM _c1990 |
||
| 300 | _a308P | ||
| 650 |
_aBUILDING HEATING AND VENTILATION CONGRESSES, BUILDINGS AIRTIGHTNESS CONGRESSES _970155 |
||
| 942 |
_cBK _2ddc |
||
| 999 |
_c577186 _d577186 |
||